Correlation of yield with anatomical physiological and morphological properties of crown budded rubber trees (Record no. 56407)

MARC details
000 -LEADER
fixed length control field 00443nam a2200145Ia 4500
100 ## - MAIN ENTRY--AUTHOR NAME
Personal name Boerhendhy Island
245 #0 - TITLE STATEMENT
Title Correlation of yield with anatomical physiological and morphological properties of crown budded rubber trees
260 ## - PUBLICATION, DISTRIBUTION, ETC. (IMPRINT)
Name of publisher Bulletin Perkebunan Rakyat
Year of publication 1990
300 ## - PHYSICAL DESCRIPTION
Number of Pages 70-76
500 ## - GENERAL NOTE
General note Source Year: 1992
650 ## - SUBJECT ADDED ENTRY--TOPICAL TERM
Topical Term Crown budding
856 ## - ELECTRONIC LOCATION AND ACCESS
Uniform Resource Identifier IRRDB
942 ## - ADDED ENTRY ELEMENTS (KOHA)
Koha item type Journals
Holdings
Withdrawn status Lost status Damaged status Not for loan Home library Current library Date acquired Serial Enumeration / chronology Koha item type
      Journals RRII Library RRII Library 17/12/2021 Volume 6, Issue 1 Journals